[Event "EU-ch 6th"]
[Site "Warsaw"]
[Date "2005.06.26"]
[Round "8"]
[White "Milov, Vadim"]
[Black "Aronian, Levon"]
[Result "1/2-1/2"]
[WhiteElo "2653"]
[BlackElo "2693"]
[Annotator "Gavrikov,V"]
[PlyCount "165"]
[EventDate "2005.06.18"]
[EventType "swiss"]
[EventRounds "13"]
[EventCountry "POL"]
[SourceTitle "CBM 108"]
[Source "ChessBase"]
[SourceDate "2005.09.26"]
[SourceVersion "1"]
[SourceVersionDate "2005.09.26"]
[SourceQuality "1"]

1. d4 Nf6 2. c4 e6 3. Nc3 Bb4 4. Nf3 c5 5. g3 cxd4 6. Nxd4 Ne4 7. Qd3 Bxc3+ 8.
bxc3 Nc5 9. Qf3 ({The main alternative is} 9. Qe3 b6 10. Bg2 Bb7 11. Bxb7 Nxb7
12. Qe4 (12. Ba3 $6 Nc6 13. Rd1 Nca5 14. Nf5 Qf6 15. Qd3 Rd8 16. Nd6+ Nxd6 17.
Bxd6 Nb7 18. Bc7 Nc5 19. Qe3 Rc8 20. Bd6 {1-0 Vera,R-Brittner,S/Bled 2002/EXT
2003 (41)} Nb7 21. Be5 Qg6 $15) 12... Nc6 $1 13. Nxc6 dxc6 14. Qxc6+ Qd7 15.
Qxd7+ Kxd7 16. Ba3 Rhc8 17. O-O-O+ Ke8 18. Rd4 Rc7 19. Kc2 Rac8 20. Rhd1 {
1-0 Potapov,A-Dezelin,M/Ikaros 2001/EXT 2002 (77)} Rxc4 21. Rxc4 Rxc4 22. Rd4
Rc7 {with an approximately equal ending.}) 9... d6 ({Another possible reaction
is} 9... Nc6 {, for example:} 10. Bf4 O-O 11. Bg2 b6 12. Nxc6 dxc6 13. Rd1 Qf6
14. Bd6 Qxf3 15. Bxf3 Rd8 16. Bxc5 (16. Bxc6 Bb7 17. Bxb7 Nxb7 18. Bb4 Rxd1+
19. Kxd1 Rc8) 16... Rxd1+ 17. Kxd1 bxc5 18. Kc2 Ba6 19. Bxc6 Rd8 20. Bb5 Bb7
21. f3 Kf8 $44 {1/2-1/2 Bacrot,E-Kulaots,K/Bled 2002/EXT 2003 (37)}) 10. Bg2
Nbd7 11. O-O Ne5 12. Qf4 Bd7 ({A known mistake is} 12... Nxc4 $2 13. Nb3 $1 Nb6
14. Nxc5 dxc5 15. Qe5 O-O 16. Qxc5 $16 {1-0 Kumaran,D-Ruban,V/Hastings 1991/
CBM 026 ext (33)}) 13. Nb5 {The most logical continuation, which allows White
to improve his pawn structure. However the weakened c-file gives Black
sufficient counterplay.} ({Worse is} 13. Nb3 Qc7 14. Ba3 f6 15. Rfd1 O-O-O 16.
Qd4 Ba4 17. Rab1 b6 $15 {1/2-1/2 Horvath,P-Gyimesi,Z/Balatonlelle 2002/CBM 090
(62)}) 13... Bxb5 14. cxb5 O-O 15. Rd1 Rc8 16. Qb4 {A harmless innovation.} ({
Previous practice has seen:} 16. Be3 Qe7 (16... f6 $5 {/\ d5}) 17. Qd4 Rfd8 18.
h3 f6 19. f4 Nf7 20. Qb4 {1-0 Shishkin,V-Gyimesi,Z/Koszalin 1999/CBM 073 (49)}
{and now correct was} b6 21. a4 Nb7 $132) (16. Qd4 Qa5 17. Qb4 Qb6 (17... Qc7
$5) 18. a4 a5 19. Qd4 (19. bxa6 $142 $5 Qxa6 20. Be3) 19... Qc7 20. Ba3 $6 (20.
Rb1 b6 $132) 20... Nb3 $1 21. Qxd6 Nxa1 22. Qxc7 Rxc7 23. Bxf8 Kxf8 24. Rxa1 b6
25. f4 Nd7 26. Bc6 (26. Ra3 Rc4) 26... Nb8 27. Kf2 Nxc6 28. bxc6 Rxc6 29. Ra3
Ke7 $15 {0-1 Flumbort,A-Almasi,Z/Budapest 2004/CBM 103 (60)}) 16... d5 {
Securing the c4-square for the knight.} 17. Bf4 Qf6 {Before playing Nc4 is
necessary to remove the queen from the opposition with white rook.} (17... Nc4
$2 18. e4) 18. Be3 b6 19. Bd4 Qf5 20. f3 h5 $5 {Preventing g3-g4.} ({To a
dynamic balance leads} 20... Nc4 21. e4 Qh5 22. exd5 exd5 23. Bf2 Rfd8 24. f4
Qf5 25. Qb1 (25. Bxd5 $6 Rxd5 26. Qxc4 Nd3 27. Qa4 Rxb5) (25. Rd4 Ne6 26. Rdd1
Nc5 $11) 25... Ne4 26. Bd4 Re8) 21. Qb1 Qxb1 22. Raxb1 Nc4 23. Rb4 Na3 $5 (
23... f5 {also looked tempting.}) 24. Rc1 Nb7 {[%cal Gb7d6]} (24... Rfe8 {
/\ e5 came into consideration.}) 25. e4 {Forced because of the threat Nd6.}
dxe4 26. fxe4 Nd6 27. Bf1 Rfd8 ({Avoiding the trap} 27... Nxe4 $2 28. c4 Nd2
29. Bb2 Nab1 30. Bd3 Nf3+ 31. Kf2 Nbd2 32. Ke3 Rfd8 33. Bc3) 28. Bf2 Ndc4 29.
Ra4 Rd2 ({Perhaps Black should have preferred} 29... Rc7 $5 {first.}) 30. e5 $2
{This decision is hard to explain.} ({White should have played} 30. Bxc4 Nxc4
31. Rxa7 Ne5 32. Bxb6 (32. Rf1 $6 Nf3+ 33. Kg2 Rxc3 {/\ Ng5}) 32... Nf3+ 33.
Kf1 Nxh2+ 34. Ke1 Nf3+ {with perpetual check.}) 30... Rc7 31. Re1 Rb2 $5 {
Going for the b-pawn.} ({Black could try} 31... Rxa2 {when White has to find
the saving path:} 32. Re4 $5 (32. Bxc4 $6 Rxc4 33. Rxa7 Rxc3 34. Rd1 (34. Bxb6
Rcc2 35. Ra5 Rcb2 $17) 34... Re2 35. Rd8+ $140 $2 (35. Bxb6 Nxb5 36. Rd8+ Kh7
37. Rxf7 Kg6 38. Rdd7 Rc1+ 39. Rf1 Rxf1+ 40. Kxf1 Rxe5 $17) 35... Kh7 36. Rxf7
Nc4 37. Rdd7 Rc1+ 38. Kg2 Nxe5 39. Rxg7+ Kh6 40. Rh7+ Kg6 41. Rdg7+ Kf6 42. Rg8
Rcc2 43. Rf8+ Kg6 44. Re7 Ng4 45. Ref7 Ne3+ $1 46. Kh3 Nf5 47. Bg1 Rc1 48. Bxb6
Rh1 49. Rf6+ Kg5 50. Rxf5+ exf5 51. Bd8+ Kg6 52. Rf6+ Kg7 53. Kh4 Rd1 $19) (32.
Re2 Ra1 33. Re1 Rxe1 34. Bxe1 f6 35. exf6 gxf6 $15) 32... Nd2 33. Re2 Rxc3 34.
Be1 Nf3+ 35. Kf2 Rxe2+ 36. Bxe2 Nxe1 37. Kxe1 Re3 (37... Rb3 38. Bd1 Rd3 39.
Rxa7) 38. Kd2 Rb3 39. Bd1 Rb2+ 40. Kc3 Rb1 41. Rxa3 Rxd1 42. Rxa7 Rd5 43. Kb4
Rxe5 44. Rb7 Re2 45. Rxb6 Rxh2 46. Rb8+ Kh7 47. b6 Rb2+ 48. Kc5 g5 49. Rd8 h4
50. gxh4 g4 51. Rd7 Kg6 (51... Kg7 52. b7 g3 53. Kc6 $11) 52. h5+ $1 (52. b7 $2
f5 53. Kc6 f4 54. Rd8 g3 55. b8=Q Rxb8 56. Rxb8 Kf7 $1 $19) 52... Kxh5 53. Rxf7
g3 54. Kc6 Kg4 55. b7 g2 56. Rg7+ Kf3 57. Rf7+ {with draw.}) 32. Bd3 Rxb5 $6 ({
Stronger was} 32... Rxa2 33. Re4 (33. Bxc4 Rxc4 {transposes to the variation a)
from the comment above.}) 33... Nb2 34. Red4 Nxd3 $1 (34... f5 35. Ra6 Rxc3 36.
Bf1 Ra1 37. Kg2 Nd1 $140 38. Rd8+ Kh7 39. Rxa7 Nxf2 40. Kxf2 Rc2+ 41. Kg1 Rcc1
42. Rdd7 Rxf1+ 43. Kg2 Rg1+ (43... Kh6 44. Rxg7 f4 45. Rgf7) 44. Kh3 Nxb5 45.
Rxg7+ Kh8 46. Rh7+ Kg8 47. Rag7+ Kf8 48. Rb7 Kg8 $11) 35. Rxd3 Ra1+ 36. Kg2 Nc2
37. Rxa1 Nxa1 38. c4 Nc2 (38... Rxc4 39. Ra3 Nc2 40. Rxa7 Rb4 41. Ra2 Nd4 42.
Bxd4 Rxd4 43. Ra6 Rd5 44. Rxb6 Rxe5 45. Rb8+ Kh7 46. Kf3) 39. Rc3 Nb4 40. Kf3
Nd5 41. Rc1 Kf8 $15) 33. Re4 Nb2 ({Not dangerous for White is} 33... Rxe5 34.
Raxc4 Nxc4 35. Rxc4 Rxc4 36. Bxc4) 34. Bxb5 Nxb5 35. Rab4 (35. Bxb6 $5 Rc6 $1 (
35... axb6 $6 36. Ra8+ Kh7 37. Rb4) 36. Rab4 Nxc3 37. Rxb2 Nxe4 38. Bxa7 $11)
35... Nxc3 36. Rh4 Nd3 37. Rbc4 {The exchange of the rooks permits White to
maintain the equality.} Rxc4 38. Rxc4 Nxa2 39. Bd4 $5 (39. Ra4 Nc3 40. Rxa7
Nxe5 41. Bxb6 Nd5 $11) 39... Nab4 40. Rc3 Ne1 41. Kf1 Nec2 42. Bf2 Kh7 43. Ke2
({Another adequate possibility is} 43. Rc7 a5 44. Bxb6 (44. Rxf7 Nd5 45. Ke2 a4
) 44... a4 45. Bc5 Nd5 46. Rxf7 (46. Ra7 Nc3) 46... a3 47. Ra7 Nc3 48. Bxa3 Nb5
49. Ra6 Ncxa3 50. Rxe6 Nc4 51. Rc6 (51. Kf2 Nd4 52. Re8 Kg6 53. e6 $140 Nd6 54.
Rd8 Ne4+ 55. Ke3 Nxe6 56. Re8 N4c5) 51... Ne3+ 52. Kf2 Ng4+ 53. Kg2 Nd4 54. Rc5
Kg6 $11) 43... Kg6 44. Kd2 a5 45. Bxb6 a4 46. Bc5 a3 47. Rxc2 Nxc2 48. Kxc2 a2
49. Kb2 Kf5 50. Bf8 g6 51. Kxa2 Kg4 (51... Kxe5 52. Kb2 Kf5 53. h3 Ke4 54. h4
e5 55. Bg7 f5 56. Kc3 f4 57. gxf4 exf4 58. Kd2 Kf3 59. Ke1 $11) 52. h4 {
The simplest way to the draw.} Kxg3 53. Be7 Kf4 54. Bf6 g5 55. Bxg5+ Kxe5 56.
Kb3 f5 57. Kc3 Ke4 58. Kd2 Kf3 59. Bf6 f4 60. Be5 Ke4 61. Bc7 e5 62. Ke2 Kf5
63. Bd6 e4 64. Kf2 Kg4 65. Bc7 f3 66. Bd6 ({Easier was} 66. Bd8 e3+ 67. Kxe3
Kg3 68. Bb6 $1 $11) 66... Kxh4 67. Bc7 Kg4 68. Bd6 Kf5 69. Bg3 Ke6 70. Ke3 Kd5
71. Bh4 Ke5 72. Bg3+ Kf5 73. Kf2 Kg4 74. Bd6 h4 75. Bc7 h3 76. Bb8 Kf5 77. Ke3
Ke6 78. Bc7 Kd5 79. Bb8 Kc4 80. Bc7 Kc3 81. Bd6 Kc2 82. Be5 Kd1 83. Bg3 1/2-1/2

[Event "Asia-ch 5th"]
[Site "Hyderabad"]
[Date "2005.10.13"]
[Round "7"]
[White "Kazhgaleyev, Murtas"]
[Black "Neelotpal, Das"]
[Result "1-0"]
[WhiteElo "2602"]
[BlackElo "2509"]
[Annotator "Gavrikov,V"]
[PlyCount "105"]
[EventDate "2005.10.05"]
[EventType "swiss"]
[EventRounds "9"]
[EventCountry "IND"]
[SourceTitle "CBM 110"]
[Source "ChessBase"]
[SourceDate "2006.01.31"]
[SourceVersion "1"]
[SourceVersionDate "2006.01.31"]
[SourceQuality "1"]

1. d4 Nf6 2. c4 e6 3. Nc3 Bb4 4. Nf3 c5 5. g3 cxd4 6. Nxd4 O-O ({In my opinion
the position after} 6... Ne4 7. Qd3 Bxc3+ 8. bxc3 Nc5 {is easier to play for
Black because of White´s double c-pawns.}) 7. Bg2 d5 8. cxd5 Nxd5 9. Qb3 ({
An alternative is} 9. Bd2) 9... Nc6 10. Nxc6 bxc6 11. O-O Qa5 {The most
popular reply.} ({However quite possible is also} 11... Rb8 12. a3 (12. Na4 Ba6
13. Qc2 Be7 14. a3 Bb5 $132 {0-1 Pajeken,W-Dautov,R/Germany 2002/EXT 2003 (43)}
) 12... Bd6 13. Qa4 {1-0 Pedersen,N-Venkatesh,M/Pardubice 2005/CBM 107 ext (46)
} Qb6 $132) 12. Bd2 Bxc3 13. bxc3 Ba6 14. Rfd1 {Threatening c3-c4.} Qc5 15. e4
Bc4 16. Qa4 Nb6 17. Qb4 Qh5 ({Less good is} 17... Qxb4 18. cxb4 Rfd8 19. Be3
Bb5 {1/2-1/2 Fish,G-Shipov,S/Yalta 1996/EXT 98 (31)} 20. f4 $14) 18. Bf4 $5 {
A recent idea of Bacrot. White wants to provoke the advance e6-e5.} ({Not
dangerous for Black looks} 18. Be3 Be2 $1 {e.g.} 19. Rd2 (19. Re1 Nc4 20. Qc5
Rfd8 {1/2-1/2 Bacrot,E-Grischuk,A/Cap d'Agde 2003/CBM 098 (68)} 21. f3 Qxc5 22.
Bxc5 Rd2 $11) 19... Rab8 20. Bxb6 axb6 21. Qd6 Rfc8 22. Rb1 h6 23. e5 Bf3 $11 {
1/2-1/2 Bacrot,E-Leko,P/Moscow 2004/CBM 102 (27)}) 18... e5 $6 $146 {Perhaps
not the best reaction allow White to gain control over c5-square.} ({Stronger
is} 18... c5 19. Qb2 e5 ({also interesting is the suggestion of Ftacnik} 19...
Rfd8 $5 20. f3 Bd3 21. Bc7 Rd7 22. Bxb6 axb6 23. Qxb6 Qe5 $44 {/\ c5-c4}) 20.
Be3 Rfc8 21. f3 Qg6 22. a4 a5 23. Bh3 {1-0 Bacrot,E-Grischuk,A/Poikovsky 2005/
CBM 106/[Gavrikov] (61)} {and now} Rcb8 {gives Black sufficient counterplay.})
19. Be3 {[%csl Rc5]} Be2 20. Re1 Nc4 ({Favourable for White is} 20... Bf3 21.
a4) 21. Qc5 Rfc8 22. Rab1 Nxe3 23. Qxe3 Bc4 24. Rb4 Be6 ({Of course not} 24...
Bxa2 $4 25. c4 $18) 25. Qc5 $1 {In result White´s pieces are more active and
black queen is out of play.} Rd8 $2 {[%csl Rc6] This try to activate the rook
only aggravate the situation for Black.} ({Correct was the passive defence} 
25... f6 26. Rb7 Qe8 {planning Qf8.}) 26. a4 h6 ({If} 26... Rd1 {then simply}
27. Rb1) 27. Rd4 $1 Rdb8 ({Black rook is practically forced to leave the
d-file,since} 27... Qg5 $6 28. h4 Qf6 29. Rxd8+ Qxd8 (29... Rxd8 30. Qxa7 Rd2
31. Ra1 $16) 30. Qxe5 Qd2 31. Rb1 Bb3 32. a5 {loses a pawn without compensaton.
}) 28. h4 $1 {[%csl Rh5] Restricts the mobility of opponent´s queen and solves
possible problem with first rank.} Rb2 (28... Rb6 29. Rd6 $16) 29. a5 (29. Rd3
$5 {[%csl Re5] /\ Bf3 was good too.}) 29... Ra2 ({After} 29... Rab8 {White
continues} 30. Rdd1 $1 {/\ Qxa7} ({not} 30. Rd6 $6 Rb1 31. Rxb1 Rxb1+ 32. Kh2
Qe2 $132)) 30. Rdd1 $5 (30. Rd6 $16) 30... Rb8 31. Qxa7 Rbb2 (31... Rb5 32. a6
Rba5 33. Bf1 c5 {(/\Qf3)} 34. Kg2 c4 35. Rd6 Qg4 36. Qc7 $16) 32. Qc5 ({
Better is instead} 32. Ra1 $1) 32... Qg6 ({The immediate} 32... Rxf2 $2 33.
Qxf2 Rxf2 34. Kxf2 Bc4 {is bad in view of} 35. Ra1 Ba6 36. Bf1) 33. Rb1 $6 {
The waste of time.} (33. Ra1 $1) 33... Rxf2 34. Qxf2 Rxf2 35. Kxf2 Qf6+ 36. Kg1
Qe7 $2 {The idea to blockade White´s passed pawn with the queen is wrong.} ({
Black could play} 36... Bc4 37. Rb6 Qd6 38. Ra1 Qd3 39. a6 Qxc3 40. Rbb1 Bxa6
41. Rxa6 Qxg3 {with good drawing chances.}) 37. Kh2 Qa7 38. Ra1 g5 39. h5 Bc4 (
39... Kf8 40. Reb1 Ke7 41. a6 Bc8 42. Ra5 f6 43. c4 $18 {/\ c5.}) 40. Reb1 Bb5
41. Rb2 Qa6 $2 {Repeating the same mistake.} ({Necessary was} 41... Ba6 42. Rb6
Qa8) 42. Ra3 g4 43. c4 $1 Bxc4 44. Rb6 Qa7 45. Rxc6 Be2 (45... Ba6 46. Rxh6 $18
) 46. a6 Kg7 $2 {Loses at once.} (46... Bb5 47. Rd6 Kg7 48. Rd5 Bc4 49. Rxe5
$18) 47. Rc7 $1 Qxc7 (47... Qa8 48. a7 $18) 48. a7 Bf3 49. Ra2 $1 Bxg2 50. Kxg2
Qc3 51. a8=Q Qf3+ 52. Kh2 Qf1 53. Qa3 1-0

[Event "Corus-B"]
[Site "Wijk aan Zee"]
[Date "2006.01.27"]
[Round "11"]
[White "L'Ami, Erwin"]
[Black "Naiditsch, Arkadij"]
[Result "0-1"]
[WhiteElo "2550"]
[BlackElo "2657"]
[Annotator "Gavrikov,V"]
[PlyCount "96"]
[EventDate "2006.01.14"]
[EventType "tourn"]
[EventRounds "13"]
[EventCountry "NED"]
[EventCategory "15"]
[SourceTitle "CBM 111"]
[Source "ChessBase"]
[SourceDate "2006.04.04"]
[SourceVersion "1"]
[SourceVersionDate "2006.04.04"]
[SourceQuality "1"]

1. d4 Nf6 2. c4 e6 3. Nc3 Bb4 4. Nf3 c5 5. g3 cxd4 6. Nxd4 O-O 7. Bg2 d5 8.
cxd5 Nxd5 9. Qb3 Qb6 $5 ({This continuation is less investigated than} 9... Nc6
) ({or} 9... Qa5) 10. Bxd5 ({Favourable for Black is} 10. e3 $6 Nc6 11. Nxc6
bxc6 12. Bd2 Qa6 {0-1 Hort,V-Kindermann,S/Dortmund 1985/MCL (33)}) 10... exd5 (
{A playable alternative is} 10... Qxd4 11. Bg2 Nc6 12. Be3 $5 (12. O-O Na5 $5
13. Qc2 Bxc3 14. bxc3 Qc5 $132 {0-1 Zvjaginsev,V-Olafsson,H/Tilburg 1994/CBM
044/30)}) 12... Bxc3+ 13. bxc3 Qe5 14. Rd1 Qc7 15. Bc5 (15. O-O $143 e5 16. Bc5
Be6 17. Qa3 Rfd8 18. Bd6 Qd7) 15... Rd8 16. O-O Bd7 17. Bd6 Qc8 {with unclear
position.}) 11. Be3 Bh3 ({Another possibilities are:} 11... Nc6 12. Rd1 (12.
Nxc6 Qxc6 $5 13. Qxb4 d4 14. f3 dxe3 15. O-O Be6 16. Qd4 {1-0 Nilssen,
J-Laursen,N/Copenhagen 2001/CBM 083 ext (28)} Rfe8 $13) 12... Qa5 13. O-O Bh3
14. Rfe1 Rac8 15. Rc1 Ne5 $13 {1-0 Beliavsky,A-Timman,J/Belgrade 1995/CBM 051/
69)}) (11... Bxc3+ 12. Qxc3 Qg6 13. h4 h5 (13... Qe4 14. f3 Qe7 {1/2-1/2
Ostojic,N-Kovacevic,A/Herceg Novi 2001/CBM 083 (14)}) 14. g4 $5 Bxg4 (14...
hxg4 $6 15. h5) 15. f3 Bd7 (15... Rc8 16. Qd2 Bd7 17. Kf2 $13 {1-0 Kantorik,
M-Lisko,F/Slovakia 2000/EXT 2001 (48)}) 16. Rg1 Rc8 $1 17. Qd2 (17. Qxc8+ Bxc8
18. Rxg6 fxg6 19. Nb5 Nc6 20. Nc7 Rb8 21. Rd1 Bf5 22. Nxd5 Kf7 $11 {1/2-1/2
Singh,S-Rogozenko,D/FIDE.com 2002/EXT 2003 (45)}) 17... Qf6 18. Rg5 g6 19. Kf2
Nc6 {1-0 Rogozenko,D-Ionescu,C/Bucharest 2000/CBM 077/(33)} 20. Nxc6 Rxc6 21.
Rag1 (21. Bd4 $143 Qd6) 21... Re8 22. Bd4 (22. Rxh5 $4 Rce6 $19) 22... Rc2 $1
23. Qxc2 Qxd4+ 24. Kf1 (24. Ke1 $2 Qxh4+ 25. Kd1 Qd4+ 26. Qd2 Ba4+ 27. Ke1 Qh4+
28. R5g3 Bb5 29. e3 Qf6 $17) 24... Bh3+ 25. Ke1 Qxh4+ 26. Kd1 Kh8 $44) (11...
Qa5 12. Rc1 (12. O-O Bxc3 13. bxc3 Nc6 $11) 12... Nc6 13. O-O (13. a3 Bxc3+ 14.
Qxc3 Qxc3+ 15. Rxc3 Nxd4 16. Bxd4 Bd7 $11 {1/2-1/2 Nielsen,P-Fossan,E/Gausdal
1996/CBM 054 ext (42)}) 13... Bh3 14. Rfd1 Rfd8 15. Nxc6 bxc6 16. Na4 Rab8 17.
Qc2 d4 $5 (17... Bf8 18. a3 Qb5 $132) 18. Bxd4 Bf5 19. e4 Bxe4 20. Qxe4 Qxa4
21. b3 Qxa2 22. Bxg7 $1 Rxd1+ 23. Rxd1 Qxb3 $1 24. Rb1 (24. Rd7 Bf8 25. Bxf8
Qb1+ 26. Qxb1 Rxb1+ 27. Kg2 Kxf8 28. Rxa7 $11) 24... Qd5 25. Qf4 Bd6 26. Rxb8+
Bxb8 27. Qxb8+ Kxg7 28. Qxa7 $11 {1/2-1/2 Gonzalez Velez,F-Ayas Fernandez,A/
Barbera 1997/EXT 99 (47)}) 12. g4 ({Interesting that nobody has tried} 12. Qxd5
{after which is possible} Rd8 13. Qb5 Bxc3+ 14. bxc3 Qc7 $13) 12... Na6 $146 {
[%cal Ga6c5] A new idea in this situation.} ({Dubious is} 12... Bg2 $6 13. Rg1
Be4 {1/2-1/2 Matamoros Franco,C-Korneev,O/Coria del Rio 2004/CBM 098 ext (24)}
14. Nf5 Qa5 15. Bd4 f6 16. O-O-O Rc8 17. f3 Bxf5 18. gxf5 Kh8 19. Kb1 $16) ({
but the natural} 12... Nc6 {allows to equalize without problems,e.g.} 13. Nxc6
Qxc6 14. Bd4 Bc5 15. Rd1 Bxg4 16. Qxd5 {1-0 Kuemin,S-Lopez Martinez,J/Zug 2001/
CBM 086 (32)} Qxd5 17. Nxd5 Bxd4 18. Rxd4 Be6 $11) 13. Nf5 ({Here} 13. Qxd5 $2
{is wrong because of} Rac8 14. Rc1 Bc5 15. Qf3 Qxb2 16. Rc2 Qb4 17. Qxh3 Bxd4
18. Bxd4 Qxd4 19. O-O Rc4 $17) 13... Qa5 $6 (13... Qe6 $142 14. Rg1 h5 $5 (
14... Rac8 $2 15. Bd4 Rfe8 16. O-O-O Bf8 17. Ne3 $16 {[%csl Rh3][%cal Gg1g3]})
15. a3 (15. Nd4 Qg6 $132) (15. Bd4 f6 $13) 15... Bxc3+ 16. Qxc3 f6 17. Nd4 Qe5
18. gxh5 Qxh5 $13) 14. Bd4 $6 ({White could claim for a slight advantage by} 
14. O-O-O $1 Rac8 (14... Bxc3 15. bxc3 $14) 15. Rxd5 b5 16. Kb1 Bg2 17. Rhd1
Bxc3 (17... Bxd5 $143 18. Nxd5 $16) 18. Ne7+ Kh8 19. Nxc8 Be4+ 20. R5d3 (20.
Ka1 $6 Nb4 $1) 20... Rxc8 21. bxc3 $14) 14... Nc5 15. Qxd5 Rfd8 16. Qf3 $8 (16.
Qe5 $4 Nd3+ 17. exd3 Re8) (16. Qc4 $4 b5) 16... Rxd4 $1 17. Qxh3 (17. Nxd4 $2 {
loses to} Bg2 $1 18. Qxg2 Bxc3+ 19. Kf1 Bxd4) 17... Bxc3+ 18. bxc3 (18. Qxc3
$143 Qxc3+ 19. bxc3 Rxg4 $15) 18... Nd3+ $1 19. Kf1 Qxc3 20. Rd1 Nf4 $1 21.
Qxc3 Rxd1+ 22. Qe1 Rxe1+ 23. Kxe1 Ne6 $5 {Preventing Nd4. Although the ending
should be drawn some accuracy is required from White.} (23... g6 $143 24. Nd4
$11) 24. e3 g6 25. Nd6 (25. Ng3 Rc8 26. Kd2 Rc4 {also allowed Black to
activate his rook.}) 25... Rd8 26. Ne4 Rd3 27. Ke2 Ra3 28. Ra1 b5 29. Kd2 b4
30. g5 (30. Kc2 a5 31. Kb2 f5 32. gxf5 gxf5 33. Rg1+ Kf8 34. Nd6 (34. Ng5 $2
Nc5 $1 35. Nxh7+ Kf7 $17) 34... Rd3 35. Nc4 a4 36. Rc1 $11) 30... b3 31. Kc3
bxa2+ 32. Kb4 Ra6 33. Kb3 Rb6+ 34. Kxa2 Rb4 35. Nf6+ (35. f3 $11) 35... Kg7 36.
f4 Ra4+ 37. Kb2 Rxa1 38. Kxa1 Nc5 39. Ne8+ $6 ({Simpler is} 39. Kb2 {with easy
draw.}) 39... Kf8 40. Nf6 Ke7 $1 {Black´s only winning chance is to attack
opponent´s pawns.} 41. Nxh7 Ne4 {[%cal Ge7e6,Ge6f5]} 42. Ka2 $6 ({A strange
move instead of the logical} 42. Kb2 Ke6 43. Nf8+ Kf5 44. Nd7 Nd6 45. Ne5 Ke4
46. Ng4 Nc4+ (46... Kf3 47. h3 Kg3 48. Kc3 Kxh3 49. Ne5 $11) 47. Kc3 Nxe3 48.
Ne5 Kxf4 49. Nxf7 Ng4 50. h4 Ne5 51. Nh8 Kg4 52. Kd4 Nf3+ 53. Kc5 Kf5 54. Kb5
Nd4+ 55. Ka6 Nc6 56. Kb5 {with peaceful end.}) 42... Nc3+ 43. Kb3 Nd5 44. h4
Kd6 $5 (44... Nxe3 45. Nf6 Ke6 46. h5 gxh5 47. Nxh5 Kf5 48. Kb4 Nd5+ (48... Kg4
49. Nf6+ Kxf4 50. Kb5 Kxg5 51. Ne4+ $11) 49. Kb5 Nxf4 50. Nf6 $11) (44... Ke6
45. Nf8+ Kf5 46. Nd7 Nxe3 47. Ne5 Ke6 48. Nc6 Ng2 $140 49. Nxa7 Nxf4 50. Nc6
Ng2 51. Kc4 $1 Nxh4 52. Nd8+ Ke7 53. Nc6+ Kd7 54. Ne5+ Ke6 55. Kd4 $11) 45. Nf6
$4 ({Missing the last way to the draw} 45. f5 $1 gxf5 46. h5 Ke7 47. h6 Nxe3
48. Nf6 Kf8 49. Kc3 Ng4 50. Nd5 Ne5 (50... a5 51. Kb3) 51. Kd4 Nf3+ 52. Ke3
Nxg5 53. Kf4 Ne6+ 54. Kxf5 a5 55. Kf6 Nc5 56. Nb6 $11) 45... Nxf6 46. gxf6 Ke6
47. e4 Kxf6 48. Kc4 Kg7 {[%cal Gg7h6,Gh6h5]} 0-1